000 01384cam a22003737a 4500
003 CHAP
005 20220329142557.0
008 020122d2001 mx a r 00110 spa d
010 _a85199
011 _a86171
035 _a96709
040 _cCHAP
090 _aTesis
100 0 0 _aGarcía Patiño, Ma. Félix.
_946428
245 1 0 _aModelo de redes de valor del estado de Chihuahua
_c/por Ma. Félix García Patiño
260 _aChapingo, Méx. :
_bEl autor,
_c2001.
300 _a90 h. :
_bilus. ; gráfs. ; cuadros
502 _aTesis (M.C. en Economía del Desarrollo Rural) -- UACH. División de Ciencias Económico Administrativas
590 _aALEPH
_b10
_c20130110
_lUCH01
_h1445
590 _aBATCH-UPD
_b10
_c20130110
_lUCH01
_h0602
590 _aBATCH-UPD
_b10
_c20130410
_lUCH01
_h0244
590 _aBATCH-UPD
_b10
_c20130913
_lUCH01
_h2030
590 _aCONVERSION
_b10
_c20130109
_lUCH01
_h1347
650 1 4 _aAgricultura
_xChihuahua.
_91356
650 1 4 _aProcesamiento automático de datos en agricultura.
_991751
650 1 4 _aProductos agrícolas
_xAspectos económicos
_zChihuahua.
_991918
650 1 4 _aProgramación lineal.
_992371
650 1 4 _aRedes de valor.
_995384
901 _aBK
905 _aGuadalupe Pinto C.
942 _cFOLL
949 _aTesis
_bBC
_cTES
_d967091
_eTS1
_h38962
_i96709
_sb
949 _bBC
_cTES
_d33724000846820
_eTS2
_fc.2
_h38963
_i96709
_si
999 _c85199
_d85199